Aristotelés – autor Platónových dialógov Štátnik a Sofista?
Konfrontácia argumentov autorov Mastersa a Chrousta s vlastným čítaním antických prameňov. Analýza autorstva dialógu Štátnik.
Uložené v:
| Hlavný autor: | |
|---|---|
| Médium: | Kapitola |
| Jazyk: | Slovak |
| Predmet: | |
| Tagy: |
Žiadne tagy, Buďte prvý, kto otaguje tento záznam!
|
MARC
| LEADER | 00000naa a2200000 4500 | ||
|---|---|---|---|
| 001 | 0241287 | ||
| 005 | 20180320103239.9 | ||
| 041 | 0 | |a slo | |
| 044 | |a SK | ||
| 245 | 1 | 0 | |a Aristotelés – autor Platónových dialógov Štátnik a Sofista? |c Zuzana Zelinová |
| 520 | |a Konfrontácia argumentov autorov Mastersa a Chrousta s vlastným čítaním antických prameňov. Analýza autorstva dialógu Štátnik. | ||
| 610 | 2 | 0 | |a dejiny filozofie |
| 610 | 2 | 0 | |a rozhovor |
| 610 | 2 | 0 | |a Aristoteles |
| 610 | 2 | 0 | |a Platón |
| 100 | 1 | |a Zelinová, Zuzana | |